000 00760nam a2200217 4500
001 112956
003 ES-MaACL
005 20230906185718.0
007 t|
008 061121s1950 it r ||||1| spa d
245 0 3 _aEl Museo Nacional del Castillo de S. Angelo.
260 _aRoma :
_bEnte provinciale per il turismo,
_c1950.
300 _a32 p. :
_bil ;
_c17 cm.
490 1 _aPequeña guía de los museos y de las galerías de Roma
610 2 4 _aCastèl Sant'Angelo (Roma)
_9173326
651 4 _aRoma (Ciudad)-
_xEdificios, estructuras, etc.
_9157489
710 2 _aEnte provinciale per il turismo (Roma)
_93480
830 1 _aPequeña guía de los museos y de las galerías de Roma
_9181931
852 _aES-MaACL
_j1939-F-3
999 _c112956
_d112956